Регионална библиотека "Любен Каравелов" - Русе

Azul [CD аудио] (Запис номер 218465)

MARC детайли
000 -Лидер
Контролно поле с фиксирана дължина 01179njm a2200337 c 4500
003 - Код на организацията, давaща контролен номер
Контролно поле BLK
005 - Дата и час на последна редакция
Контролно поле 20180421002340.0
008 - Елементи от данни с фиксирана дължина
fixed length control field 180410b bul||n||s|||||||| n|bulo|
010 ## - Наследен системен номер
LC control number CDD00001001000
040 ## - Източник на каталожния запис
Идентификатор на билиотеката - собственик на записа BLK
041 ## - Код за език
Код за езика на текст/звукозапис или на отделно заглавие Немски
Код за езика КДБФ Немски
080 ## - УДК
Текстов определител УДК Салонни и танцови оркестри. Естраден оркестър. Джаз. Рок
УДК код - определител по УДК 785.161
УДК определител
УДК - код + определител 785.161
139 ## - Редно поле
Редна дума Luamar
Авторски знак Lu - L 96
245 10 - Сведения за заглавието
Заглавие Azul [CD аудио]
Редно поле (дума) изп. Luamar; вокал Katharina Ahlrichs; ударни инстр. Katharina Ahlrichs; китара Silvio Schneider.
257 ## - Страна на издаване
Страна на създаване/издаване Германия
260 ## - Област на издателските данни
-- Asperg
Име на издателя, разпространителя и проч. Peregrina Music
Година на издаване 2009
300 ## - Физическа характеристика
Размери/Мащаб 12 см. Stereo
Тип мерна единица бр. в к-т
Количество на мерната единица 1 CD
306 ## - Продължителност на изпълнението
Времетраене 50 мин. 27сек.
380 ## - Жанр
Жанр Изкуство
650 #4 - Допълнително описание по предмет – тема
Основно описание – тема или топоним Уорлд музика
9 (RLIN) 174666
653 ## - Ключова дума – ненормативна
Ключова дума уорлд музика
700 1# - Други автори (авторска отговорност)
Лично име Luamar
Автороска отговорност (Описва отношението между автора и произведението) изп.
9 (RLIN) 17302
700 1# - Други автори (авторска отговорност)
Лично име Ahlrichs, Katharina
Автороска отговорност (Описва отношението между автора и произведението) вокал
9 (RLIN) 3250
700 1# - Други автори (авторска отговорност)
Лично име Ahlrichs, Katharina
Автороска отговорност (Описва отношението между автора и произведението) ударни инстр.
9 (RLIN) 3250
700 1# - Други автори (авторска отговорност)
Лично име Schneider, Silvio
Автороска отговорност (Описва отношението между автора и произведението) китара
9 (RLIN) 354113
852 ## - Местоположение
Форматна сигнатура Цб CD 2493
Част 0
856 4# - Електронен адрес и достъп
Електронен формат pdf - файл
Път до файла /url/
856 4# - Електронен адрес и достъп
Електронен формат pdf - файл
Път до файла /url/
942 ## - АРТИКУЛИ
Вид на библиотечния материал Компактдискове
Скрит в OPAC Не
944 ## - СЪЗДАВАНЕ И РЕДАКЦИЯ на ЗАПИСА
Създаване/Редакция Създаване
Дата на регистрацията/редакция 06.04.2010
Служител, извършил регистрацията/редакцията Теодора_Стоянова
944 ## - СЪЗДАВАНЕ И РЕДАКЦИЯ на ЗАПИСА
Създаване/Редакция Редакция
Дата на регистрацията/редакция 06.04.2010
Служител, извършил регистрацията/редакцията
999 ## - СИСТЕМНИ КОНТРОЛНИ НОМЕРА
Koha biblionumber 218465
Koha biblioitemnumber 218465
Наличности
Код за отписване Код за изгубен артикул Източник на класификационната схема Код за повреда Коз за рестрикции Код за отдаване Артикулен № Име на библиотеката - собственик Име на библиотеката, в която се намира в момента Статус (Текущо местоположение) Дата на вписване в системата Местоположение - отдел Цена в лева Инвентарен номер Систематично азбучна сигнатура Баркод Номер на екземпляра Цена в евро Служебна бележка Служебен тип на артикула
  Не е изгубен Universal Decimal Classification Не е повреден без рестрикции заемане за дома 389843 Регионална библиотека "Любен Каравелов" Русе Регионална библиотека "Любен Каравелов" Русе Отдел Изкуство - подръчен фонд 2009-01-01 Отдел Изкуство - подръчен фонд 10.00 120000906654 78.036.9/A 99 120000906654 1 5.11 Дост: DA Вид: А N: стар фонд Дата: 01.01.2009 Съставил: Теодора_Стоянова Компактдискове
Vip Innovations Ltd, Rousse, Bulgaria 2025